Statystyki dla Opisy Dzieł Sztuki Starożytnego Rzymu

Kliknij tutaj aby rozwiązać quiz!

Ogólne statystyki

  • Ten quiz został rozwiązany 3 razy
    (2 od ostatniego zresetowania)
  • Średni wynik to 18 z 31

Statystyki odpowiedzi

ZagadnienieOdpowiedź% Poprawnych
Kamien ozdobny z okresu panowania dynastii julijsko-klaudyjskiej z 17-41r, wykonany z sardonyksu (Okres Cesarstwa)
100%
Pomnik z 113r upamietniajacy zwycięstwa cesarza nad Dakami, położony na forum Trajana (Okres Cesarstwa)
100%
Wodociąg Rzym położony we Francji, zbudowany z wapienia muszlowego, otwarty w 60r (Okres Cesarstwa)
100%
Triumfalny Luk zbudowany przez Domicjana dla uczczenia zwycięstwa Wespazjana i Tytusa w wojnie z Żydami i zdobycie Jerozolimy (Okres Cesarstwa)
100%
Pomnik z 608r.p.n.e ku czci bizancyjnego Cesarza Fokasa, ostatnia budowla na forum romanum (Okres Królewski)
100%
Marmurowy oltarz zniesiony dla cesarza Oktawiana Augusta na pamiątkę zakończenia wojen domowych budowany w 13-9r.p.n.e (Okres Cesarstwa)
100%
Największy starożytny rzymski cyrk budowany w 6-4W.p.n.e (Okres Republiki)
100%
Posag z cesarza Kapitolu w Rzymie, wykonany z brązu i częściowo zlota z 175r (Okres Cesarstwa)
100%
Marmurowy posag cesarza Oktawiana Augusta Z 20r.p.n.e, znaleziony w jego willi (Okres Cesarstwa)
100%
Bialo-niebieska waza z warstwowego szkła kameoqego reliefami scen figuralnych (Okres Cesarstwa)
100%
Bogato zdobiony dom mieszkalny w Pompejach, należący do 2 kupców: Augusta Wettiusza Restitutusa i Aulusa Wettiusza Konwiwy (Okres Cesarstwa)
100%
Granitowy Rzymski wodociąg położony w Hiszpani o długości prawie 800m (Okres Cesarstwa)
50%
Budowla uhonorowujaca 10 lat panowania cesarza Konstantyna oraz jego zwycięż nad Maksencjuszem, budowany w latach 312-315 (Okres Cesarstwa)
50%
Dom budowany w latach 64-68r do śmierci cesarza dla krolego był budowany (Okres Cesarstwa)
50%
Forum cesarza Augusta zbudowany w 2r.p.n.e, między Forum Trajana a Forum Nerwy (Okres Cesarstwa)
50%
Willa cesarza Hadriana w Tivoli zbudowana w latach 118-134r (Okres Cesarstwa)
50%
Rynek rzymski, plac miejscu, główny ośrodek zycia politycznego, religijnego i towarzyskiego (Okres Królewski)
50%
Pomnik upamietniajacy zwycięstwo cesarza, położony na polu Marsowym, zwianiesiony po 180r (Okres Cesarstwa)
50%
Marmurowa figura togatusa, przymajaca głowy przodków z 11-2r.p.n.e (Okres Cesarstwa)
50%
Głowa starożytnego rzymskiego filozofa z 1W (Okres Cesarstwa)
50%
Świątynią bogini ogniska domowego z 1Wp.n.e, na planie koła, w porządku kompozytowym, znajdująca sie w Tivoli (Okres Republiki)
50%
Swiatynia z boga rolnitswa, zasiewow i czasu z 501-498r.p.n.e (Okres Królewski)
50%
Dom kapłanek bogini ognistą domowego z 7Wp.n.e (Okres Królewski)
50%
Amfiteatr rzymski wzniesiony w latach 70-80 na przez Wespazjana I Tutysa(dynastia flawiuszow) odbywały sie na nim walki glabiatow, kolumny są w porządku spietrzonym (Okres Cesarstwa)
50%
Świątynia Bogini ognistą domowego w Forum Romanum z 7W.p.n.e (Okres Królewski)
0%
Grobowiec corki kwistusa Cecyliusza Metellusa, wniesiony pod koniec 1 wieku (Okres Republiki)
0%
Swiatynia Gajusza i Lucjusza położona we Francji, otwarta w 2r.n.e (Okres Republiki)
0%
Najwieksze i najmłodsze Forum rzymskie, zafundowane przez cesarza Trajana (Okres Cesarstwa)
0%
Swiatynia poświęcona Gajuszowi i Lucjuszowi, (przybranym wnukom oktawiana)otwarta w 2r (Okres Cesarstwa)
0%
Grobowiec cesarza Hadriana, jego rodziny i nastepcow, otwarty w 139r (Okres Cesarstwa)
0%
Rezydencja oraz willa obronna cesarza Dioklecjana zbudowana na przełomie 3-4W, otwarta w 293r (Okres Cesarstwa)
0%

Rozkład punktacji

Percentyl według liczby udzielonych odpowiedzi

Procent ludzi z każdym wynikiem

Twoja historia wyników

Nie rozwiązałeś tego quizu od ostatniego zresetowania